Venezuela administrative divisions - Statistics

General Stats
  • This quiz has been taken 35 times
  • The average score is 17 of 23
Answer Stats
Answer % Correct
Falcón
91%
Zulia
91%
Amazonas
86%
Bolívar
86%
Carabobo
82%
Apure
77%
Aragua
77%
Barinas
77%
Lara
77%
Mérida
77%
Miranda
77%
Nueva Esparta
73%
Portuguesa
73%
Táchira
73%
Anzoátegui
68%
Monagas
68%
Sucre
68%
Trujillo
68%
Yaracuy
68%
Delta Amacuro
64%
La Guaira
59%
Cojedes
55%
Guárico
50%
No matching quizzes found
Score Distribution
Percent of People with Each Score
Percentile by Number Answered
Your Score History
You have not taken this quiz